000 00709nam a2200253Ia 4500
003 OSt
005 20220924122549.0
006 a|||||r|||| 00| 0
007 ta
008 220923b |||||||| |||| 00| 0 urd d
020 _c20
024 _a267168
037 _cTextual
040 _aARTS
_cARTS
_burd
041 _2urd
_aurd
082 _aO168,3NSH,19, M3
100 _aSardhanvi Sadiq Hussain Siddiqi Au.
_9180056
245 0 _aUroos se Baghdad
260 _aLuckhnow
_bNaseem book depo India
_c1983
300 _a352p.
_ccm.
650 _aURDU FICTION
_93298
942 _hO168,3NSH,19, M3
_cTEXL
_2CC
999 _c412157
_d412157